|
|
|
|
| LEADER |
00000nam2a2200000 4500 |
| 001 |
150875 |
| 005 |
20231101221523.0 |
| 010 |
|
|
|a 5780102201
|
| 035 |
|
|
|a (RuTPU)RU\TPU\book\163586
|
| 090 |
|
|
|a 150875
|
| 100 |
|
|
|a 20090115d2002 k y0rusy50 ca
|
| 101 |
0 |
|
|a rus
|
| 102 |
|
|
|a RU
|
| 105 |
|
|
|a a b 001zy
|
| 200 |
0 |
|
|a Ч. 1
|
| 210 |
|
|
|d 2002
|
| 215 |
|
|
|a 72 с.
|c ил.
|
| 320 |
|
|
|a Перечень предприятий-изготовителей: с. 71.
|
| 461 |
|
1 |
|0 (RuTPU)RU\TPU\book\182644
|t Приборы и аппараты контроля измерения и регулирования параметров технологических процессов
|o сводный каталог
|f Информэлектро, Институт промышленного развития
|v Ч. 1
|d 2002
|
| 606 |
1 |
|
|a Измерительные приборы
|2 stltpush
|3 (RuTPU)RU\TPU\subj\12270
|9 39083
|
| 610 |
1 |
|
|a термоэлектрические преобразователи
|
| 610 |
1 |
|
|a температура
|
| 610 |
1 |
|
|a регуляторы температуры
|
| 610 |
1 |
|
|a измерители-регуляторы
|
| 610 |
1 |
|
|a конструкции
|
| 610 |
1 |
|
|a технические параметры
|
| 610 |
1 |
|
|a назначение
|
| 610 |
1 |
|
|a эксплуатация
|
| 610 |
1 |
|
|a каталоги
|
| 675 |
|
|
|a 681.2.002(085)
|v 3
|
| 801 |
|
1 |
|a RU
|b 63413507
|c 20090115
|g PSBO
|
| 801 |
|
2 |
|a RU
|b 63413507
|c 20091027
|g RCR
|
| 942 |
|
|
|c BK
|